NHL Ice Hockey teams' alternate logos - Statistics

General Stats
  • This quiz has been taken 137 times
  • The average score is 27 of 30
Answer Stats
Picture Answer % Correct
Anaheim Ducks
99%
Boston Bruins
99%
Buffalo Sabres
96%
Edmonton Oilers
94%
Colorado Avalanche
93%
Columbus Blue Jackets
93%
Dallas Stars
93%
Florida Panthers
93%
Los Angeles Kings
93%
Minnesota Wild
93%
New York Islanders
93%
New York Rangers
93%
Philadelphia Flyers
93%
Pittsburgh Penguins
93%
San Jose Sharks
93%
St Louis Blues
93%
Tampa Bay Lightning
92%
Toronto Maple Leafs
92%
Calgary Flames
90%
Utah Hockey Club
90%
Detroit Red Wings
88%
Winnipeg Jets
88%
Seattle Kraken
86%
Ottawa Senators
84%
Carolina Hurricanes
83%
Chicago Blackhawks
83%
Vancouver Canucks
83%
Washington Capitals
83%
Nashville Predators
73%
Vegas Golden Knights
72%
No matching quizzes found
Score Distribution
Percent of People with Each Score
Percentile by Number Answered
Your Score History
You have not taken this quiz